[Event "Speed Chess Super Swiss"]
[Site "Chess.com INT"]
[Date "2020.10.03"]
[Round "11"]
[White "Manukian, Artak"]
[Black "Johnson, Joel F"]
[Result "1-0"]
[WhiteElo "2196"]
[BlackElo "2223"]
[PlyCount "61"]
[EventDate "2020.10.03"]
[EventType "swiss (blitz)"]
[EventRounds "15"]
[EventCountry "USA"]
[SourceTitle "CBM 198 Extra"]
[Source "ChessBase"]
[SourceDate "2020.11.30"]
[SourceVersion "1"]
[SourceVersionDate "2020.11.30"]
[SourceQuality "1"]

1. e4 a6 2. d4 b5 3. Bd3 Bb7 4. Qe2 e6 5. Nf3 Nf6 6. 0-0 d6 7. a4 b4 8. c4 bxc3 9. Nxc3 Nbd7 10. e5 Nd5 11. Bg5 Be7 12. Bxe7 Qxe7 13. exd6 cxd6 14. Nxd5 Bxd5 15. b4 g5 16. Be4 Nf6 17. Bxd5 Nxd5 18. Rfb1 Rg8 19. Qd3 g4 20. Ne1 Qb7 21. Qxh7 Rg6 22. g3 Nc3 23. Rb2 Ke7 24. Ng2 Qe4 25. Nf4 Kf6 26. Nxg6 fxg6 27. Qh4+ Kf7 28. h3 Ne2+ 29. Rxe2 Qxe2 30. Qxg4 Rc8 31. Qxe2 1-0

[Event "Speed Chess Super Swiss"]
[Site "Chess.com INT"]
[Date "2020.10.03"]
[Round "6"]
[White "Sumaneev, Dmitry"]
[Black "Johnson, Joel F"]
[Result "1-0"]
[WhiteElo "2450"]
[BlackElo "2223"]
[PlyCount "83"]
[EventDate "2020.10.03"]
[EventType "swiss (blitz)"]
[EventRounds "15"]
[EventCountry "USA"]
[SourceTitle "CBM 198 Extra"]
[Source "ChessBase"]
[SourceDate "2020.11.30"]
[SourceVersion "1"]
[SourceVersionDate "2020.11.30"]
[SourceQuality "1"]

1. e4 a6 2. d4 b5 3. g3 Bb7 4. Bg2 e6 5. Ne2 Nf6 6. f3 c5 7. c3 Qb6 8. Be3 Nc6 9. 0-0 h5 10. h3 cxd4 11. g4 dxe3 12. g5 Nh7 13. h4 Be7 14. f4 g6 15. Kh2 0-0-0 16. a4 Rhg8 17. axb5 axb5 18. Na3 e5 19. f5 gxf5 20. exf5 Nxg5 21. hxg5 Bxg5 22. Qd5 Na5 23. Qxb5 Qxb5 24. Nxb5 Bxg2 25. Kxg2 Nc6 26. Nd6+ Kc7 27. Nb5+ Kb6 28. Na3 d5 29. Kh3 d4 30. Nc4+ Kc5 31. Nxe5 Nxe5 32. Ra5+ Kd6 33. Nxd4 Bf6 34. Ra6+ Ke7 35. Re1 Ng4 36. Nc6+ Kf8 37. Nxd8 Bxd8 38. Rd6 Be7 39. Rd3 Kg7 40. Rd5 Bf6 41. Re2 Re8 42. Rd3 1-0

[Event "Titled Tuesday intern op 29th Sept"]
[Site "Chess.com INT"]
[Date "2020.09.29"]
[Round "6"]
[White "Ward, Ieuan C"]
[Black "Johnson, Joel F"]
[Result "1-0"]
[WhiteElo "2028"]
[BlackElo "2223"]
[PlyCount "89"]
[EventDate "2020.09.29"]
[EventType "swiss (blitz)"]
[EventRounds "10"]
[EventCountry "USA"]
[SourceTitle "CBM 198 Extra"]
[Source "ChessBase"]
[SourceDate "2020.11.30"]
[SourceVersion "1"]
[SourceVersionDate "2020.11.30"]
[SourceQuality "1"]

1. e4 a6 2. d4 b5 3. Nf3 Bb7 4. Bd3 e6 5. 0-0 Nf6 6. Bg5 h6 7. Bxf6 gxf6 8. Nbd2 d6 9. a4 b4 10. c4 Nd7 11. b3 Rg8 12. Qe2 h5 13. Rad1 Bh6 14. d5 Ke7 15. Nh4 Rh8 16. Bc2 Qg8 17. f4 Qg4 18. Qf2 Rag8 19. Rde1 Rg7 20. Kh1 Rhg8 21. Bd1 Qxf4 22. Qxf4 Bxf4 23. Rxf4 Ne5 24. Re3 f5 25. exf5 Rg5 26. fxe6 fxe6 27. Ne4 R5g7 28. dxe6 Kxe6 29. Bxh5 Rh7 30. Nf6 Rf8 31. Bg4+ Ke7 32. Ng6+ Kd8 33. Nxf8 Rg7 34. Ne6+ Ke7 35. Nxg7 Kf7 36. Nfh5+ Kg6 37. Bf3 Bc8 38. Be4+ Kh6 39. Bf5 Kg5 40. Bxc8 Ng4 41. Rxg4+ Kh6 42. Re6+ Kh7 43. Nf5 d5 44. Rg7+ Kh8 45. Re8# 1-0

[Event "Titled Tuesday intern op 25th Aug"]
[Site "Chess.com INT"]
[Date "2020.08.25"]
[Round "3"]
[White "Altman, Joshua"]
[Black "Johnson, Joel F"]
[Result "1-0"]
[WhiteElo "1926"]
[BlackElo "2223"]
[PlyCount "85"]
[EventDate "2020.08.25"]
[EventType "swiss (blitz)"]
[EventRounds "10"]
[EventCountry "USA"]
[SourceTitle "CBM 198 Extra"]
[Source "ChessBase"]
[SourceDate "2020.11.30"]
[SourceVersion "1"]
[SourceVersionDate "2020.11.30"]
[SourceQuality "1"]

1. d4 b5 2. e4 a6 3. Nf3 Bb7 4. Bd3 e6 5. c3 Nf6 6. Bg5 h6 7. Bxf6 gxf6 8. Nbd2 d6 9. Qc2 Nd7 10. 0-0 Rg8 11. a4 bxa4 12. Rxa4 h5 13. Re1 Bh6 14. d5 Ke7 15. dxe6 fxe6 16. Bf1 Qf8 17. Rb4 Bc8 18. e5 Nxe5 19. Nxe5 fxe5 20. Rh4 Qf7 21. Qd1 Bb7 22. Ne4 Raf8 23. Qxh5 Bxe4 24. Qxf7+ Rxf7 25. Rexe4 Bg5 26. Rhg4 Rfg7 27. Ra4 d5 28. Rxa6 Kf6 29. h4 Bf4 30. Rxg7 Rxg7 31. g3 Bh6 32. Bh3 Re7 33. g4 Bf4 34. g5+ Kf7 35. Kg2 Kg6 36. Rxe6+ Rxe6 37. Bxe6 d4 38. cxd4 exd4 39. Kf3 Bd6 40. Ke4 c5 41. Kd5 Be7 42. Kc4 Kh5 43. f4 1-0

[Event "Titled Tuesday intern op 25th Aug"]
[Site "Chess.com INT"]
[Date "2020.08.25"]
[Round "7"]
[White "Johnson, Joel F"]
[Black "Efremov, Vladislav"]
[Result "0-1"]
[WhiteElo "2223"]
[BlackElo "2188"]
[PlyCount "116"]
[EventDate "2020.08.25"]
[EventType "swiss (blitz)"]
[EventRounds "10"]
[EventCountry "USA"]
[SourceTitle "CBM 198 Extra"]
[Source "ChessBase"]
[SourceDate "2020.11.30"]
[SourceVersion "1"]
[SourceVersionDate "2020.11.30"]
[SourceQuality "1"]

1. e4 c5 2. Nc3 Nc6 3. f4 g6 4. Nf3 Bg7 5. Bc4 e6 6. f5 Nd4 7. d3 gxf5 8. 0-0 Ne7 9. Bg5 f6 10. Be3 fxe4 11. dxe4 Nec6 12. Nxd4 Nxd4 13. Bxd4 cxd4 14. Qxd4 0-0 15. Rad1 Kh8 16. Kh1 a6 17. a4 Qe7 18. Rf3 f5 19. Qf2 d6 20. exf5 d5 21. Bd3 d4 22. Ne2 e5 23. Ng3 Bd7 24. Ne4 Bf6 25. Rf1 Bc6 26. g4 Bxe4 27. Bxe4 Rad8 28. Rg1 Bg5 29. Qg2 Qf6 30. h4 Bxh4 31. Rh3 Bg5 32. Qh2 h6 33. Rh5 Kg7 34. Qh3 Rh8 35. Qb3 Qf7 36. Qxf7+ Kxf7 37. Bxb7 Rb8 38. Bxa6 Rxb2 39. Bd3 Ra8 40. Ra1 Ra5 41. Rh2 Rb4 42. Re2 Kf6 43. Kg2 Rbxa4 44. Rxa4 Rxa4 45. Kf3 Ra3 46. Ke4 Ra1 47. Kd5 Ra5+ 48. Ke4 Ra1 49. Kd5 Ra5+ 50. Ke4 Bf4 51. Re1 Kg5 52. Rg1 Ra3 53. Kd5 Ra5+ 54. Ke4 Ra7 55. Kd5 Rc7 56. Ke6 Rb7 57. Rh1 Rb6+ 58. Kd5 Kxg4 0-1